Comprensión del medio natural, social y cultural: tercer año de educación general básica. Texto para el estudiante
Bewaard in:
| Hoofdauteurs: | , , |
|---|---|
| Andere auteurs: | |
| Formaat: | Boek |
| Taal: | Spaans |
| Gepubliceerd in: |
Santiago
Santillana
2005
|
| Onderwerpen: | |
| Tags: |
Voeg label toe
Geen labels, Wees de eerste die dit record labelt!
|
MARC
| LEADER | 00000nam a2200000 a 4500 | ||
|---|---|---|---|
| 001 | UCJ0203 | ||
| 003 | CL-VaPUC | ||
| 008 | 060707e20050000CL |||||||||||||||||spa|d | ||
| 020 | |a 9561509717 | ||
| 082 | 0 | 4 | |a 372.357 |b BRA |2 21 |
| 100 | 0 | |a Bravo Lau, Nury |e author |9 500267 | |
| 700 | 0 | |a Guerra Maturana, Mónica |e author |9 500268 | |
| 700 | |a Marambio Montero, Leonor Aída |e autora |9 544425 | ||
| 700 | 0 | |a Tapia Báez, Ana |e author |9 500270 | |
| 245 | 1 | 0 | |a Comprensión del medio natural, social y cultural: tercer año de educación general básica. Texto para el estudiante |
| 300 | |a 160 p | ||
| 942 | |c BK | ||
| 945 | |d 20060707 00:00:00 |a jtorresc | ||
| 260 | |a Santiago |b Santillana |c 2005 | ||
| 500 | |a Complementario: Guía didáctica para el profesor | ||
| 650 | 7 | |a ENSEÑANZA DE LAS CIENCIAS NATURALES |2 CL-VaPUC |9 500271 | |
| 650 | 0 | |a Métodos de enseñanza |9 270413 | |
| 650 | 7 | |a LIBRO DE TEXTO |2 CL-VaPUC |9 309176 | |
| 650 | 0 | |a Educación básica |9 224933 | |
| 650 | 0 | |a Medio ambiente |9 257625 | |
| 583 | |a last modification |c 20150526 14:56:16 |k Rodrigo Vera | ||
| 999 | |c 317129 |d 317127 | ||
| 952 | |0 0 |1 0 |4 0 |6 372_357000000000000_BRA_2005 |7 0 |8 P |9 392915 |a BIBEDU |b BIBEDU |c BIBEDU_PB |d 2019-11-22 |i 425015K |o 372.357 BRA 2005 |p 425015K |r 2024-01-25 |w 2019-11-22 |y BK |k EBA | ||
| 952 | |0 0 |1 0 |4 0 |6 372_357000000000000_BRA_2005 |7 0 |8 P |9 392916 |a BIBEDU |b BIBEDU |c BIBEDU_PB |d 2019-11-22 |i 4250176 |o 372.357 BRA 2005 |p 4250176 |r 2024-01-25 |w 2019-11-22 |y BK |k EBA | ||
| 952 | |0 0 |1 0 |4 0 |6 372_357000000000000_BRA_2005 |7 0 |8 P |9 392917 |a BIBEDU |b BIBEDU |c BIBEDU_PB |d 2019-11-22 |i 4250192 |o 372.357 BRA 2005 |p 4250192 |r 2024-01-25 |w 2019-11-22 |y BK |k EBA | ||
| 952 | |0 0 |1 0 |4 0 |6 372_357000000000000_BRA_2005 |7 0 |8 P |9 392918 |a BIBEDU |b BIBEDU |c BIBEDU_PB |d 2019-11-22 |i 4250206 |o 372.357 BRA 2005 |p 4250206 |r 2024-01-25 |w 2019-11-22 |y BK |k EBA | ||
| 952 | |0 0 |1 0 |4 0 |6 372_357000000000000_BRA_2005 |7 0 |8 P |9 392919 |a BIBEDU |b BIBEDU |c BIBEDU_PB |d 2019-11-22 |i 4461037 |o 372.357 BRA 2005 |p 4461037 |r 2024-01-25 |w 2019-11-22 |y BK |k EDU | ||